Statistiques concernant Clubs de Premier League (2021-2022)

Cliquez ici pour prendre le quiz!

Statistiques générales

  • Ce quiz a été pris 1 967 fois
  • Le résultat moyen est 14 sur 20

Statistiques - réponses

% Correct
Premier LeagueNewcastle United
100%
Premier LeagueManchester City
98%
Premier LeagueManchester United
98%
Premier LeagueLiverpool FC
96%
Premier LeagueChelsea FC
94%
Premier LeagueArsenal FC
93%
Premier LeagueTottenham Hostpurs
84%
Premier LeagueWest Ham United
75%
Premier LeagueAston Villa
70%
Premier LeagueEverton FC
70%
Premier LeagueLeicester City
68%
Premier LeagueWolverhampton Wanderers
63%
Premier LeagueLeeds United
62%
Premier LeagueBrighton & Hove Albion
60%
Premier LeagueCrystal Palace
56%
Premier LeagueNorwich City
55%
Premier LeagueSouthampton FC
55%
Premier LeagueBrentford FC
52%
Premier LeagueBurnley FC
51%
Premier LeagueWatford FC
42%

Distribution des résultats

Percentile par nombre de réponses

% des personnes avec chaque résultat

Votre développement - résultats

Vous n’avez pas pris ce quiz